Overalle Manchesteru City w EA FC 25 - Statystyki

Ogólne statystyki
  • Ten quiz został rozwiązany 117 razy
  • Średni wynik to 23 z 27
Statystyki odpowiedzi
Poz. Piłkarz Odpowiedź % Poprawnych
GK Ederson 88
99%
LB Josko Gvardiol 83
96%
RB Kyle Walker 84
96%
CB Ruben Dias 88
96%
CB Nathan Ake 84
95%
CB John Stones 85
95%
CDM Rodri 91
95%
CB Manuel Akanji 84
94%
CM Mateo Kovacić 83
91%
CM Kevin De Bruyne 90
90%
ST Erling Haaland 91
90%
RB Rico Lewis 76
89%
LW Jack Grealish 84
88%
CM Ilkay Gundogan 87
88%
CM Bernardo Silva 88
88%
GK Stefan Ortega 81
86%
RW Phil Foden 88
86%
CM Matheus Nunes 78
83%
LW Jeremy Doku 80
83%
GK Scott Carson 63
81%
LW Savinho 82
80%
LB Joshua Wilson-Esbrand 67
74%
CDM Mahamadou Susoho 61
65%
CDM Jacob Wright 62
65%
LW Filip Stevanović 64
62%
RW James McAtee 70
62%
RW Oscar Bobb 72
62%
Nie znaleziono quizów pasujących do podanych kryteriów
Rozkład punktacji
Procent ludzi z każdym wynikiem
Percentyl według liczby udzielonych odpowiedzi
Twoja historia wyników
Nie rozwiązałeś tego quizu